Loading...

Market integration: regionalism and the global economy

Bibliographic Details
Main Authors: Baldwin, Richard, Cohen, Daniel, Sapir, Andre
Format: Printed Book
Language:English
Published: London, Cambridge university press 1999
Subjects:
LEADER 007940000a22002650004500
015 |a M 
041 |a eng 
082 |a 337.1 N9 
100 |a Baldwin, Richard  |f Ed 
100 |a Cohen, Daniel  |f Ed 
100 |a Sapir, Andre  |f Ed 
245 |a Market integration: regionalism and the global economy 
260 |a London, Cambridge university press 
260 |c 1999 
650 |a Europe 
650 |a Free trade 
650 |a Global economy 
650 |a Global trade 
650 |a International economic integration 
650 |a International economic relations 
650 |a Market integration 
650 |a Regionalism 
942 |c BK 
999 |c 137138  |d 137134 
952 |0 0  |1 0  |4 0  |6 337_100000000000000_N9  |7 0  |9 135920  |a SIRP  |b SIRP  |d 2017-10-05  |l 0  |o 337.1 N9  |p SIRP03610  |r 2017-10-05  |w 2017-10-05  |y BK